| 000 | 00774nam a2200229 a 4500 | ||
|---|---|---|---|
| 999 |
_c446977 _d446977 |
||
| 003 | BLK | ||
| 005 | 20230808090649.0 | ||
| 008 | 220302b bu |||||r|||| 00| | bu d | ||
| 040 | _aBLK | ||
| 041 |
_aBUL _cBUL |
||
| 080 |
_aТенис на маса _b796.386 _x(062) _z796.386(062) |
||
| 139 | _bМ 45 | ||
| 245 |
_aМеждународен турнир по тенис на маса жени за купата "8 март", XXVІII _bПрограма _h[Малотир.изд.] |
||
| 260 |
_9441842 _aРусе _bб. и. _c1984 |
||
| 300 |
_a23 с. _bс ил. _c21 см |
||
| 380 | _a79 | ||
| 653 | 7 |
_9198158 _aтенис на маса |
|
| 653 | 7 |
_9198800 _aтурнири |
|
| 852 |
_bК _cК 796/799/М 45 |
||
| 942 |
_cKNG _n0 _s1 _01 |
||
| 944 |
_aCR _c2022-03-02 _k30570 _lМоника Янева |
||